6 + 1 traits of writing : (Record no. 743)
[ view plain ]
| 000 -LEADER | |
|---|---|
| fixed length control field | 01569cam a22004095a 4500 |
| 001 - CONTROL NUMBER | |
| control field | 13592104 |
| 003 - CONTROL NUMBER IDENTIFIER | |
| control field | OSt |
| 005 - DATE AND TIME OF LATEST TRANSACTION | |
| control field | 20140310181638.0 |
| 008 - FIXED-LENGTH DATA ELEMENTS--GENERAL INFORMATION | |
| fixed length control field | 040513s2003 nyua b 001 0 eng d |
| 010 ## - LIBRARY OF CONGRESS CONTROL NUMBER | |
| LC control number | 2004272693 |
| 020 ## - INTERNATIONAL STANDARD BOOK NUMBER | |
| International Standard Book Number | 0439280389 |
| 035 ## - SYSTEM CONTROL NUMBER | |
| System control number | (OCoLC)ocm51480866 |
| 040 ## - CATALOGING SOURCE | |
| Original cataloging agency | XSN |
| Transcribing agency | XSN |
| Modifying agency | UV$ |
| -- | OCLCQ |
| -- | DLC |
| 042 ## - AUTHENTICATION CODE | |
| Authentication code | lccopycat |
| 050 00 - LIBRARY OF CONGRESS CALL NUMBER | |
| Classification number | LB 1576 |
| Item number | .C967 2005 |
| 082 ## - DEWEY DECIMAL CLASSIFICATION NUMBER | |
| Classification number | TRE 372.62 |
| Item number | C91 2005 |
| 100 1# - MAIN ENTRY--PERSONAL NAME | |
| Personal name | Culham, Ruth. |
| 9 (RLIN) | 2192 |
| 245 10 - TITLE STATEMENT | |
| Title | 6 + 1 traits of writing : |
| Remainder of title | the complete guide grades 3 and up / |
| Statement of responsibility, etc | by Ruth Culham. |
| 246 3# - VARYING FORM OF TITLE | |
| Title proper/short title | 6+1 traits of writing |
| 246 3# - VARYING FORM OF TITLE | |
| Title proper/short title | Six + one traits of writing |
| 246 3# - VARYING FORM OF TITLE | |
| Title proper/short title | Six plus one traits of writing |
| 260 ## - PUBLICATION, DISTRIBUTION, ETC. (IMPRINT) | |
| Place of publication, distribution, etc | New York : |
| Name of publisher, distributor, etc | Scholastic Professional Books, |
| Date of publication, distribution, etc | c2003. |
| 300 ## - PHYSICAL DESCRIPTION | |
| Extent | 304 p. : |
| Other physical details | ill. ; |
| Dimensions | 24 cm. |
| 490 1# - SERIES STATEMENT | |
| Series statement | Theory and practice |
| 521 ## - TARGET AUDIENCE NOTE | |
| Target audience note | |
| 541 ## - IMMEDIATE SOURCE OF ACQUISITION NOTE | |
| -- | 1 |
| 562 ## - COPY AND VERSION IDENTIFICATION NOTE | |
| Number of copies | In circulation. One copy available in the collection |
| 650 #0 - SUBJECT ADDED ENTRY--TOPICAL TERM | |
| Topical term or geographic name as entry element | Language arts (Elementary) |
| 9 (RLIN) | 283 |
| 650 #0 - SUBJECT ADDED ENTRY--TOPICAL TERM | |
| Topical term or geographic name as entry element | English language |
| General subdivision | Composition and exercises. |
| 9 (RLIN) | 2204 |
| 830 #0 - SERIES ADDED ENTRY--UNIFORM TITLE | |
| Uniform title | Theory and practice (New York, N.Y.) |
| 9 (RLIN) | 1970 |
| 856 42 - ELECTRONIC LOCATION AND ACCESS | |
| Materials specified | Book review (Education Review) |
| Uniform Resource Identifier | <a href="http://edrev.asu.edu/reviews/rev260.htm">http://edrev.asu.edu/reviews/rev260.htm</a> |
| 856 42 - ELECTRONIC LOCATION AND ACCESS | |
| Materials specified | Publisher description |
| Uniform Resource Identifier | <a href="http://www.loc.gov/catdir/enhancements/fy1106/2004272693-d.html">http://www.loc.gov/catdir/enhancements/fy1106/2004272693-d.html</a> |
| 856 42 - ELECTRONIC LOCATION AND ACCESS | |
| Materials specified | Contributor biographical information |
| Uniform Resource Identifier | <a href="http://www.loc.gov/catdir/enhancements/fy1106/2004272693-b.html">http://www.loc.gov/catdir/enhancements/fy1106/2004272693-b.html</a> |
| 906 ## - LOCAL DATA ELEMENT F, LDF (RLIN) | |
| a | 7 |
| b | cbc |
| c | copycat |
| d | 2 |
| e | ncip |
| f | 20 |
| g | y-gencatlg |
| 942 ## - ADDED ENTRY ELEMENTS (KOHA) | |
| Source of classification or shelving scheme | Library of Congress Classification |
| Koha item type | |
| Call number prefix | |
| Withdrawn status | Lost status | Source of classification or shelving scheme | Damaged status | Home library | Current library | Shelving location | Date acquired | Total Checkouts | Full call number | Barcode | Date last seen | Copy number | Price effective from | Koha item type |
|---|---|---|---|---|---|---|---|---|---|---|---|---|---|---|
| Library of Congress Classification | Luxembourg Library | Luxembourg Library | Teachers Reference Section | 03/24/2012 | LB 1576 .C967 2005 | 15615 | 08/13/2013 | 1 | 10/03/2013 | Books |